Word Ladder: Muhammad Ali Quiz Stats

 Plays Quiz Updated Jul 1, 2016

Score 0/12 Timer 01:30
1 Play Today
Hint 5-letter Word % Correct
Light colored hair for people who have more funBLOND
97.1%
Going on a date with someone unknownBLIND
97.1%
Reddish fluidBLOOD
96.9%
After Ali's KO, his opponents would hit the ____FLOOR
96.6%
★ '_____ Like a Bee' ★★ STING ★
96.3%
40 Day event for NoahFLOOD
95.8%
Try not to if you want to see all of Ali's quick movesBLINK
93.9%
Baking necessityFLOUR
93.9%
Support for a broken armSLING
93.7%
★ '_____ Like a Butterfly' ★★ FLOAT ★
90.5%
Move stealthily like a 1940's toySLINK
89.7%
Disregard or DismissFLOUT
82.6%

Today's Daily Dose

Missing Word
Witch Songs

Word Ladder
Alabama

Quick Pick
Fanta Flavors

On This Day
October 15th II

You're not logged in!

Compare scores with friends on all Sporcle quizzes.
Join for Free
OR
Log In

You Might Also Like...

Show Comments

Extras

Top Quizzes Today


Score Distribution

Your Account Isn't Verified!

In order to create a playlist on Sporcle, you need to verify the email address you used during registration. Go to your Sporcle Settings to finish the process.

Report this User

Report this user for behavior that violates our Community Guidelines.

Details: